000 00602nam a2200193Ia 4500
003 GCL
008 140319s9999 xx 000 0 ara d
040 _aGCL /
_cGCL
082 0 4 _a378.103
_bم ك
100 1 _aمجدى عزيز ابراهيم
245 1 0 _aكليات التربية الواقع والامل /
_cمجدى عزيز ابراهيم
260 _a[S.N] :
_bمكتبة الانجلوالمصرية ،
_c1992
300 _a174 ص
490 _a
650 0 4 _aالتعليم
650 0 4 _aالتعليم العالى
650 0 4 _aالجامعات والكليات
942 _2ddc
_cBK
999 _c34544
_d34544